Pleito entre don Matías Cuadrado con don Hernando Álvarez Laspra, por las rentas de casas de Hernando de Álvarez

Detalles Bibliográficos
Otros Autores: Matías Cuadrado, Hernando Álvarez Laspra
Formato: Libro
Publicado: s.l., s.f.
Materias:
Colección:Banco de datos
Acervo:Biblioteca Palafoxiana. Colección de Manuscritos
Descripción Física:2 f. ; 31 x 21 cm.
Tema general:Civil
LEADER 00487nam a22001570004500
035 |a 1128 
245 1 0 |a Pleito entre don Matías Cuadrado con don Hernando Álvarez Laspra, por las rentas de casas de Hernando de Álvarez 
260 |a s.l., s.f. 
300 |a 2 f. ; 31 x 21 cm. 
650 1 0 |a Civil 
700 1 |a Matías Cuadrado 
700 1 |a Hernando Álvarez Laspra 
949 |a 19948/039 
942 |c PALAMANU 
943 |g Biblioteca Palafoxiana. Colección de Manuscritos 
999 |c 1069073  |d 1069073